Advances in microbial physiology. V 14 (Record no. 28679)

MARC details
000 -LEADER
fixed length control field 00431nam a2200169Ia 4500
082 ## - DEWEY DECIMAL CLASSIFICATION NUMBER
Classification number 579.22
Item number ROS.14
100 ## - MAIN ENTRY--AUTHOR NAME
Personal name ROSE, A H
245 #0 - TITLE STATEMENT
Title Advances in microbial physiology. V 14
260 ## - PUBLICATION, DISTRIBUTION, ETC. (IMPRINT)
Place of publication London
Name of publisher Academic
Year of publication 1976
650 ## - SUBJECT ADDED ENTRY--TOPICAL TERM
Topical Term Bacteria
650 ## - SUBJECT ADDED ENTRY--TOPICAL TERM
Topical Term Metabolism
650 ## - SUBJECT ADDED ENTRY--TOPICAL TERM
Topical Term Microbial Physiology
650 ## - SUBJECT ADDED ENTRY--TOPICAL TERM
Topical Term Mitochondrial DNA
700 ## - ADDED ENTRY--PERSONAL NAME
Personal name TEMPEST, D W
942 ## - ADDED ENTRY ELEMENTS (KOHA)
Koha item type Books
Holdings
Withdrawn status Lost status Damaged status Not for loan Home library Current library Date acquired Full call number Accession Number Koha item type
        RRII Library RRII Library 16/12/2021 579.22 ROS.14 09274 Books